| 000 | 00500nam a22001697a 4500 | ||
|---|---|---|---|
| 999 |
_c17836 _d17836 |
||
| 003 | AR-CdUCM | ||
| 008 | 190509b ||||| |||| 00| 0 spa d | ||
| 040 |
_aMUNICIPALIDAD PROVINCIAL DEL CUSCO _cBIBLIOTECA MUNICIPAL DEL CUSCO |
||
| 082 |
_a869.11 / _bA58 |
||
| 100 |
_aAnonimo _917814 |
||
| 245 | _aChucho el roto o la nobleza de un bandido Mexicano / | ||
| 260 |
_aMexico : _bNacional, _c1973. |
||
| 300 |
_a252 páginas ; _c17 cm. |
||
| 505 | _aliteratura. | ||
| 942 |
_2ddc _cLIBROS |
||
| 945 | _awfj | ||